书目信息 |
| 题名: |
全唐五代词
|
|
| 作者: | 张璋 , 黄畲 编 | |
| 分册: | ||
| 出版信息: | 上海 上海古籍出版社 1986 |
|
| 页数: | 1148页 | |
| 开本: | 20cm | |
| 丛书名: | ||
| 单 册: | ||
| 中图分类: | I222.842 | |
| 科图分类: | ||
| 主题词: | 五代词--中国--唐代 | |
| 电子资源: | ||
| ISBN: | ||
| 000 | 00647nam0 2200241 45 | |
| 001 | 0186006546 | |
| 005 | 20040417085726.2 | |
| 010 | @dCNY8.35@b精装 | |
| 100 | @a19951103d1986 em y0chiy0121 ea | |
| 101 | 0 | @achi |
| 102 | @aCN@b310000 | |
| 105 | @ay z 000yy | |
| 106 | @ar | |
| 200 | 10 | @a全唐五代词@Aquan tang wu dai ci@f张璋,黄畲编 |
| 210 | @a上海@c上海古籍出版社@d1986 | |
| 215 | @a1148页@d20cm | |
| 606 | @a五代词@y中国@z唐代 | |
| 690 | @aI222.842@v3 | |
| 701 | 0 | @a张璋@4编@Azhang zhang |
| 701 | 0 | @a黄畲@4编@Ahuang she |
| 801 | 0 | @aCN@b深圳图书馆@c20040417 |
| 801 | 2 | @aCN@bNLC@c20040417 |
| 905 | @f2@b157656-657@dI222.842@e260 | |
| 全唐五代词/张璋,黄畲编.-上海:上海古籍出版社,1986 |
| 1148页;20cm |
| ISBN (精装):CNY8.35 |
| ● |
| 相关链接 |
|
|
|
|
正题名:全唐五代词
索取号:I222.842/260
 
预约/预借
| 序号 | 登录号 | 条形码 | 馆藏地/架位号 | 状态 | 备注 |
| 1 | 0157656 | 000760732 | 第二借阅区/ [索取号:I222.842/260] | 在馆 | |
| 2 | 0157657 | 000760705 | 第二借阅区/ [索取号:I222.842/260] | 在馆 | |
| 3 | 0157658 | 202081406 | 第一样本阅览室/ [索取号:I222.842/260] | 在馆 |